|
|
|
|
| LEADER |
02653nam a22004213i 4500 |
| 001 |
EBC6955718 |
| 003 |
MiAaPQ |
| 005 |
20231204023222.0 |
| 006 |
m o d | |
| 007 |
cr cnu|||||||| |
| 008 |
231204s2015 xx o ||||0 ger d |
| 020 |
|
|
|a 9783839406731
|q (electronic bk.)
|
| 020 |
|
|
|z 9783899426731
|
| 035 |
|
|
|a (MiAaPQ)EBC6955718
|
| 035 |
|
|
|a (Au-PeEL)EBL6955718
|
| 035 |
|
|
|a (OCoLC)1049909708
|
| 040 |
|
|
|a MiAaPQ
|b eng
|e rda
|e pn
|c MiAaPQ
|d MiAaPQ
|
| 100 |
1 |
|
|a Kimminich, Eva.
|
| 245 |
1 |
0 |
|a Express yourself! :
|b Europas kulturelle Kreativität zwischen Markt und Underground.
|
| 250 |
|
|
|a 1st ed.
|
| 264 |
|
1 |
|a Bielefeld :
|b transcript,
|c 2015.
|
| 264 |
|
4 |
|c {copy}2015.
|
| 300 |
|
|
|a 1 online resource (254 pages)
|
| 336 |
|
|
|a text
|b txt
|2 rdacontent
|
| 337 |
|
|
|a computer
|b c
|2 rdamedia
|
| 338 |
|
|
|a online resource
|b cr
|2 rdacarrier
|
| 490 |
1 |
|
|a Cultural Studies
|
| 505 |
0 |
|
|a Cover Express yourself! -- INHALT -- Vorwort: Express yourself! Europas kulturelle Kreativität zwischen Markt und Underground -- Interpretative Methoden der Cultural Studies -- Gesellschaftlicher Wandel durch kreative Umwertung -- Selbst(er)findung, Selbstgestaltung, Selbstbehauptung: eine Kulturprogrammstörung? -- Das Spiel mit sich. Populäre Techniken des Selbst -- Kreativität und Lernen. Möglichkeiten und Realitäten aus musikpädagogischer Perspektive -- Rap-Pädagogik: Erziehung zur Kritikfähigkeit? -- Rhythmus-Sound-Symbol: Struktur und Vermittlungsformen einer oral culture am Beispiel des Hip Hop -- BilderHören und MusikSehen. Der Videoclip als audiovisuelles Hybridmedium -- Semiotische Autonomie populärer Kulturen. Eine Fallstudie zum polnischen Hip-Hop -- ,Stylelife'. Graffiti als ,typografisches' Ausdrucksmittel sozialen Stils -- Tanz um Anerkennung. Ästhetik und Alterität - von Breaking bis Krumping -- Vom kreativen Umgang mit retardierenden Märkten. Die ,Macher' der Techno-Party-Szene -- Autorinnen und Autoren.
|
| 588 |
|
|
|a Description based on publisher supplied metadata and other sources.
|
| 590 |
|
|
|a Electronic reproduction. Ann Arbor, Michigan : ProQuest Ebook Central, 2023. Available via World Wide Web. Access may be limited to ProQuest Ebook Central affiliated libraries.
|
| 655 |
|
4 |
|a Electronic books.
|
| 700 |
1 |
|
|a Rappe, Michael.
|
| 700 |
1 |
|
|a Geuen, Heinz.
|
| 700 |
1 |
|
|a Pfänder, Stefan.
|
| 776 |
0 |
8 |
|i Print version:
|a Kimminich, Eva
|t Express yourself!
|d Bielefeld : transcript,c2015
|z 9783899426731
|
| 797 |
2 |
|
|a ProQuest (Firm)
|
| 830 |
|
0 |
|a Cultural Studies
|
| 856 |
4 |
0 |
|u https://ebookcentral.proquest.com/lib/matrademy/detail.action?docID=6955718
|z Click to View
|